000 00630nam a2200229Ia 4500
003 OSt
005 20220923230202.0
006 a|||||r|||| 00| 0
007 ta
008 Pun
024 _a278,163
037 _cTextual
040 _aARTS
_cARTS
_bPun
041 _2Pun
_aPun
082 _aO153,1:g(Y:351), M3
100 _aਸਿੰਘ, ਨਾਹਰ
245 0 _aਲੋਕ ਕਾਵਿ ਦੀ ਸਿਰਜਨ ਪ੍ਰਕਿਰਿਆ
260 _c1983
650 _aਪੰਜਾਬੀ ਸਾਹਿਤ
942 _hO153,1:g(Y:351), M3
_cTEXL
_2CC
999 _c383120
_d383120